El panorama ante nosotros

Shranjeno v:
Bibliografske podrobnosti
Glavni avtor: Alcalde, Alfonso (Author)
Format: Knjiga
Jezik:španščina
Izdano: Viña del Mar Altazor 2007
Izdaja:1a. ed
Serija:Obra Reunida, 2, Poesía
Teme:
Oznake: Označite
Brez oznak, prvi označite!

MARC

LEADER 00000cam a2200000 a 4500
001 UCF2205
003 CL-VaPUC
008 120810e20070100CL |||||||||||||||||spa|d
020 |a 9789567472468 
082 0 4 |a 861  |b ALC  |2 21 
100 0 |a Alcalde, Alfonso  |e author  |9 563792 
245 1 3 |a El panorama ante nosotros 
250 |a 1a. ed 
300 |a 354 p 
942 |c BK 
945 |d 20120810 00:00:00  |a dcastane 
260 |a Viña del Mar  |b Altazor  |c 2007 
650 0 |a Poesías hispanoamericanas  |9 267672 
583 |a last modification  |c 20120810 11:35:00  |k Rodrigo Vera 
490 0 |a Obra Reunida, 2, Poesía 
999 |c 348806  |d 348804 
952 |0 0  |1 0  |4 0  |6 861_000000000000000_ALC_2007  |7 0  |8 C  |9 450996  |a BIBCUR  |b BIBCUR  |d 2019-11-22  |i 4892623  |o 861 ALC 2007  |p 4892623  |r 2025-04-22  |w 2019-11-22  |y BK  |k CAC 
952 |0 0  |1 0  |4 0  |6 861_000000000000000_ALC_2007  |7 0  |8 A  |9 450997  |a BIBEDU  |b BIBEDU  |c ES_NOD  |d 2019-11-22  |i 4892216  |l 1  |o 861 ALC 2007  |p 4892216  |r 2023-08-09  |s 2023-06-12  |w 2019-11-22  |y BK  |k CUE 
952 |0 0  |1 0  |4 0  |6 861_000000000000000_ALC_2007  |7 0  |8 A  |9 450998  |a BIBING  |b BIBING  |d 2019-11-22  |i 4891775  |o 861 ALC 2007  |p 4891775  |r 2025-01-20  |w 2019-11-22  |y BK  |k CUI